000 00527nam a2200205Ia 4500
005 20240823014600.0
008 240823s9999||||xx |||||||||||||| ||und||
020 _a81-224-1552-0
041 _aENGLISH
082 _A621.4022 P4
100 _aKothandaraman C P
245 0 _aHeat and Mass Transfer Data Book
250 _a5th
260 _c2004
_bNew Age International (P
_aNew Delhi
500 _aTRANSFERED
650 _aHeat
_bAeronautical Engineering
700 _a Subramaniyan S
942 _cBK
999 _c170416
_d170416